| 000 | 00409nam a2200145Ia 4500 | ||
|---|---|---|---|
| 008 | 220217s9999||||xx |||||||||||||| ||und|| | ||
| 020 | _a981-254-283-3 | ||
| 082 | _a628 MIL | ||
| 100 |
_aMiller, Tyler, G _94605 |
||
| 245 | 0 | _aEnvironmental science: working with the earth | |
| 250 | _a10th | ||
| 260 |
_aThomson books cole _bAustralia _c2004 |
||
| 300 | _b275 | ||
| 650 |
_aENVIRONMENTAL STUDIES _9107 |
||
| 999 |
_c174322 _d174322 |
||